Quiz Piłkarski - Statystyki

Ogólne statystyki
  • Ten quiz został rozwiązany 955 razy
  • Średni wynik to 7 z 15
Statystyki odpowiedzi
Hint Odpowiedź % Poprawnych
Ile klubów piłkarskich zdobywało mistrzostwo Polski w XXI wieku? 5
87%
Ile klubów z Londynu gra w Premier League w sezonie 2018/2019? 6
85%
Który zawodnik strzelił 5 bramek w 9 minut przeciwko VFL Wolsfburg? Robert Lewandowski
80%
Które państwo będzie gospodarzem Mistrzostw Świata w 2022 roku? Katar
78%
Zdobywca Ligi Mistrzów w sezonie 2003/04 Fc Porto
70%
Z jakiego kraju pochodzi obrońca Besiktasu Gary Medel? Chile
57%
Jaki pseudonim mają zawodnicy drużyny Watford F.C? Szerszenie
41%
Który klub został sensacyjnym Mistrzem Francji w sezonie 2011/2012? Montpellier
37%
Kto objął posade pierwszego trenera Realu Madryt po odejściu Zinedine Zidane w 2018? Julen Lopetegui
32%
Jak nazywa się klub z Czech który grał w fazie grupowej ligi mistrzów w sezonie 2018/2019? Viktoria Pilzno
32%
Jaki zawodnik strzelił trzecią bramkę dla Lecha Poznań w meczu z Manchesterem City na stadionie w Poznaniu w lidze Europy? Mateusz Możdżeń
25%
Która reprezentacja zdobyła mistrzostwo Europy w 2004 roku? Grecji
23%
Mistrz Niemiec w sezonie 2006/07 Vfb Stuttgart
17%
W Rumunii najwięcej mistrzostw zdobyła Steaua Bukareszt( 26 mistrzostw). Kto jest drugi w tej klasyfikacji? Dinamo Bukareszt
10%
W którym roku powstał Stadion Anfield Road? 1884
7%
Nie znaleziono quizów pasujących do podanych kryteriów
Rozkład punktacji
Procent ludzi z każdym wynikiem
Percentyl według liczby udzielonych odpowiedzi
Twoja historia wyników
Nie rozwiązałeś tego quizu